000 00685nam a2200205 i 4500
001 122963
003 ES-MaACL
005 20250628040754.0
007 t|
008 070214s1963 sp r ||||0| spa d
080 _a821.124-14"-00"
100 1 _aPropercio, Sexto Aurelio.
_994031
245 1 0 _aElegías /
_cPropercio ; edición, traducción, introducción y notas de Antonio Tovar y María T. Belfiore Martire.
260 _aBarcelona :
_bAlma mater,
_c1963.
300 _aXLVII, 259 p ;
_c24 cm.
700 1 _aTovar, Antonio,
_d1911-1985
_9111167
700 1 _aBelfiore Martire, María T.
_927155
852 _aES-MaACL
_jC-24068
_bR.52980
999 _c122963
_d122963